000 00440nam a22001817a 4500
003 MPLRDC
005 20220104173004.0
008 210129b ||||| |||| 00| 0 eng d
020 _a0-330-30222-1
082 _a859.6 ARN-2
100 _aHELEN ARNOLD
245 _aTHE HARE AND THE TORTOISE
_c
260 _a
_bPICCOLO
_c1989
300 _b
490 _aREEAD TOGETHER
650 _aCHILDREN LITERATURE
942 _cBK
_o859.6 ARN-2
999 _c59212
_d59202